00369nam a2200145Ia 4500003000500000008004100005020001800046040001900064082000700083100001400090245005400104260004500158300000800203546001200211STCL181203s9999 xx 000 0 und d a9788173194726 aSTCLbENcSTCL 222 aJag Mohan 0aOrganic Analytical Chemistry: Theory and Practice bNarosa Publishing HouseaNew Delhic2012 a660 aEnglish